Responses for show #4063 - Wednesday, April 10, 2002

Contestants

Lynda Del Genis, a technical writer from Baltimore, Maryland

Lori Wright, a benefits consultant from Atlanta, Georgia

Umiko Post, a stay-at-home mom from Peoria, Illinois (whose 1-day cash winnings total $11,800)

Jeopardy! Round responses

GEOGRAPHIC "LAND"S
A FASHIONABLE CATEGORY
THE INVENTIVE FRENCH
COLLEGE FOOTBALL
OUT OF THIS WORLD
5-LETTER WORDS
    $200 22
Maryland

Lynda
    $200 2
an afro

Umiko
    $200 7
a fax machine

Lori
    $200 13
the Southeastern Conference (SEC)

Lori
    $200 9
Pegasus

Lynda
    $200 1
a deuce

Lynda
    $400 23
Greenland

Lynda
    $400 3
knickerbockers (knickers)

Lori
    $400 8
a stethoscope

Lynda
    $400 14
Bobby Bowden

Umiko
    $400 10
Venus

Lynda
    $400 18
prune

Umiko
    $600 26
Finland

Lori
    $600 4
Tommy Hilfiger

Lori
    $600 25
margarine

Umiko
    $600 15
the Fiesta Bowl

Umiko
    $600 11
Orion

Lori
    $600 19
elite

Lynda
    $800 27
Newfoundland

Umiko
    $800 5
a catsuit

Lori
    $800 29
(Lynda: He was an illustrator?)
(Alex: No. Well, [Checks with judges.] no.)

a painter

Lynda
Triple Stumper
    $800 16
Oregon

Umiko
    $800 12
(Lori: What is a star?)

comets

Lori
Triple Stumper
    $800 20
a winch

Lori
    $1,200 28
(Umiko: What is Queensland?)
---
(Alex: What is [*]. There aren't that many kingdoms remaining.)

Swaziland

Umiko
    $1000 6
a grommet

Lori
    $1000 17
(Alex: Yes, the University of South Carolina, currently.)

Lou Holtz

Umiko
    $1000 24
(Alex: Less than a minute now, Lynda.)

gamma rays

Triple Stumper
    $1000 21
a pixel

Umiko

Scores at the first commercial break (after clue 15):

Umiko Lori Lynda
$1,200 $3,000 $1,200

Scores at the end of the Jeopardy! Round:

Umiko Lori Lynda
$4,600 $4,400 $1,600

Double Jeopardy! Round responses

A
B.C.
"DEF"
GH
(Alex: Underlined, which means it's a category about General Hospital.)
EYE
J.K. ROWLING
    $400 6
plural

Lynda
    $400 3
Spartacus

Lynda
    $400 16
a defector

Lori
    $400 26
a diamond

Lori
    $400 2
(Lynda: What is porcelain?)

glass

LoriLynda
    $400 1
Edinburgh

Umiko
    $800 12
(Lynda: What is Los Angeles?)

Kansas City

Lynda
Triple Stumper
    $800 4
Solon

Triple Stumper
    $800 17
deferral (or deferment)

Lori
    $800 27
Richard Dean Anderson

Lynda
    $800 11
light

Umiko
    $800 5
train

Umiko
    $1200 13
Alvin (and the Chipmunks)

Lori
    $1200 7
Nebuchadnezzar

Triple Stumper
    $1200 18
a deficiency

Lori
    $400 21
the lens

Umiko
    $1200 8
The New York Times

Lynda
    $1,000 14
(Lori: What is red?)

blue

Lori
    $1600 24
the Indus River valley

Triple Stumper
    $1600 19
defray

Lori
    $1600 22
the eyelids

Lori
    $1600 9
Jane Austen

Lynda
    $2000 15
the mass number

Triple Stumper
    $2000 25
(Alex: That would be the famous temple at [*].)

Abu Simbel

Triple Stumper
    $2000 20
defragment

Umiko
    $2000 23
(Alex: Less than a minute now.)

retinitis

Lynda
    $2000 10
Order of the British Empire

Lynda

Scores at the end of the Double Jeopardy! Round:

Umiko Lori Lynda
$9,000 $11,000 $8,800

[wagering suggestions for these scores]

Final Jeopardy! Round responses

MOVIE DIRECTORS
(Alex: [Before revealing the responses] Were you thinking of Nightmare on Elm Street? It would have helped you if you had.)
LyndaWho is Wes Craven?
$8,300
UmikoWho is Craven???
$4,500
LoriWho is Sonnenfeld?
$7,001
Wes Craven

Final scores:

Umiko Lori Lynda
$13,500 $3,999 $17,100
2nd place: trip for 2 to Mexico 3rd place: trip for 2 to the island of Kauai New champion: $17,100

Game dynamics:

Coryat scores:

Umiko Lori Lynda
$11,000 $12,000 $8,800
14 R
(including 1 DD),
1 W
(including 1 DD)
17 R,
2 W
(including 1 DD)
14 R,
3 W

Combined Coryat: $31,800

The J! Archive is created by fans, for fans. The Jeopardy! game show and all elements thereof, including but not limited to copyright and trademark thereto, are the property of Jeopardy Productions, Inc. and are protected under law. This website is not affiliated with, sponsored by, or operated by Jeopardy Productions, Inc. Join the discussion at JBoard.tv.